| 000 | 00476nam a2200169Ia 4500 | ||
|---|---|---|---|
| 003 | GCL | ||
| 008 | 140319s9999 xx 000 0 ara d | ||
| 040 |
_aGCL / _cGCL |
||
| 082 | 0 | 4 |
_a811.05 _bع ا |
| 100 | 1 | _aعلى شلش | |
| 245 | 1 | 0 |
_aاللمس فى الشعر العربى / _cعلى شلش |
| 260 |
_a[S.N] : _bدار الاندلس للطباعة والنشر ، _c1984 |
||
| 300 | _a155 ص | ||
| 490 | _a | ||
| 650 | 0 | 4 | _aالشعر الوصفى |
| 942 |
_2ddc _cBK |
||
| 999 |
_c43601 _d43601 |
||